| 000 | 00807cab a2200229 4500 | ||
|---|---|---|---|
| 001 | ABS38104 | ||
| 008 | 090401t1987 xxu||||| |||| 00| 0 eng d | ||
| 035 | _a(Sirsi) u8745 | ||
| 041 | _aeng | ||
| 100 | _aColbey, R. | ||
| 245 | _aLandlords` legal fees: who should pay | ||
| 260 | _c1987 | ||
| 350 | _a0 | ||
| 490 |
_aSolicitors` Journal _v131(33) 14 August 1987, 1074-75(2) |
||
| 520 | _aRaises the question of whether tenants should be charged directly or indirectly for legal costs incurred by landlords in the granting of residential leases . | ||
| 650 | _aCOMMISSION | ||
| 650 | _aLEASES | ||
| 650 | _aPROPERTY-RESIDENTIAL PROPERTY-RESIDENTIAL LANDLORD AND TENANT-RESIDENTIAL TENANCIES | ||
| 690 | _aMANAGEMENT-BUSINESS MANAGEMENT-PROFESSIONAL PRACTICE | ||
| 942 | _n0 | ||
| 948 | _c04/03/1997 | ||
| 999 |
_c5423 _d5423 |
||